000 00511 a2200229 4500
260 _aParis
630 _a58 - Botanique
037 _b1, Achat
650 _a5 - SCIENCES EXACTES ET NATURELLES
100 _aDemolon, A.
260 _bDunod
245 _aPrincipes d'agronomie : tome II, Croissance des végétaux cultivés
300 _a590 p.
650 _aAgronomie
260 _c1968
300 _b25cm
100 _lFr
037 _a17836
250 _a6e éd.
999 _c41689
_d41689